| 000 | 00997cab a2200313 4500 | ||
|---|---|---|---|
| 001 | ABS49085 | ||
| 008 | 090401t1993 xxu||||| |||| 00| 0 eng d | ||
| 035 | _a(Sirsi) u69868 | ||
| 041 | _aeng | ||
| 100 | _aGill, D.J. | ||
| 245 | _aSome thoughts on rent review arbitration | ||
| 260 | _c1993 | ||
| 350 | _a0 | ||
| 490 |
_aArbitration _v59(3) August 1993, 182-187(6) |
||
| 520 | _aDiscusses whether the current process for rent review arbitration is fair and effective and, if not, what changes should be made to it. | ||
| 650 |
_aDilapidations _96235 |
||
| 650 | _aEVIDENCE | ||
| 650 | _aHYPOTHETICAL TENANTS | ||
| 650 | _aMEASUREMENTS | ||
| 650 | _aREASONED AWARDS | ||
| 650 | _aRENT REVIEWS | ||
| 650 | _aRICS | ||
| 650 | _aSUB-LETTING | ||
| 650 | _aVACANT POSSESSION | ||
| 690 | _aMANAGEMENT-DISPUTE AVOIDANCE, MANAGEMENT AND RESOLUTION-DISPUTE MANAGEMENT AND RESOLUTION-ARBITRATION | ||
| 690 | _aLANDLORD AND TENANT-RENT REVIEWS | ||
| 942 | _n0 | ||
| 948 | _c04/03/1997 | ||
| 999 |
_c43930 _d43930 |
||